000 00317nam a22001217a 4500
008 160512b xxu||||| |||| 00| 0 eng d
020 _a0721675646
020 _a0721675638
041 _aeng
080 _a61
245 _aDiagnosis of bone and joint disorders:
_cDonald Resnick M.D.:Gen Niwayama M.D;
942 _2udc
_cBK
999 _c2061
_d2061